Can't you make them behave, King George? / (Record no. 154)

MARC details
000 -LEADER
fixed length control field 01282nam a22003497a 4500
001 - CONTROL NUMBER
control field 154
003 - CONTROL NUMBER IDENTIFIER
control field FISKH
005 - DATE AND TIME OF LATEST TRANSACTION
control field 20241217115252.0
008 - FIXED-LENGTH DATA ELEMENTS--GENERAL INFORMATION
fixed length control field 230301b cb ||||| |||| 00| 0 eng d
020 ## - INTERNATIONAL STANDARD BOOK NUMBER
International Standard Book Number 9780590412001
040 ## - CATALOGING SOURCE
Original cataloging agency DLC
Language of cataloging eng
Transcribing agency DLC
Modifying agency DLC
042 ## - AUTHENTICATION CODE
Authentication code lcac
043 ## - GEOGRAPHIC AREA CODE
Geographic area code e-uk---
050 00 - LIBRARY OF CONGRESS CALL NUMBER
Classification number DA506.A2
Item number F74 1977
082 00 - DEWEY DECIMAL CLASSIFICATION NUMBER
Classification number 941.07/3/0924
-- B
-- 92
100 1# - MAIN ENTRY--PERSONAL NAME
Personal name Fritz, Jean.
245 10 - TITLE STATEMENT
Title Can't you make them behave, King George? /
Statement of responsibility, etc. By Jean Fritz ; pictures by Tomie de Paola.
260 ## - PUBLICATION, DISTRIBUTION, ETC.
Place of publication, distribution, etc. New York
Name of publisher, distributor, etc. Scholastic
Date of publication, distribution, etc. 1977.
300 ## - PHYSICAL DESCRIPTION
Extent 45 p.
Other physical details ill. ;
Dimensions 20 cm.
520 ## - SUMMARY, ETC.
Summary, etc. A biography of George the Third, King of Great Britain at the time of the American Revolution.
521 8# - TARGET AUDIENCE NOTE
Target audience note 860
Source Lexile
521 8# - TARGET AUDIENCE NOTE
Target audience note Q
Source Raz-Plus
600 00 - SUBJECT ADDED ENTRY--PERSONAL NAME
Personal name George
Numeration III,
Titles and other words associated with a name King of Great Britain,
Dates associated with a name 1738-1820
Form subdivision Juvenile literature.
600 01 - SUBJECT ADDED ENTRY--PERSONAL NAME
Personal name George
Numeration III,
Titles and other words associated with a name King of Great Britain
Dates associated with a name 1738-1820.
650 #1 - SUBJECT ADDED ENTRY--TOPICAL TERM
Topical term or geographic name entry element Kings, queens, rulers, etc.
651 #0 - SUBJECT ADDED ENTRY--GEOGRAPHIC NAME
Geographic name Great Britain
General subdivision History
Chronological subdivision George III, 1760-1820
Form subdivision Juvenile literature.
651 #0 - SUBJECT ADDED ENTRY--GEOGRAPHIC NAME
Geographic name Great Britain
General subdivision Kings and rulers
Form subdivision Biography
-- Juvenile literature.
700 1# - ADDED ENTRY--PERSONAL NAME
Personal name DePaola, Tomie,
Dates associated with a name 1934-2020.
710 2# - ADDED ENTRY--CORPORATE NAME
Corporate name or jurisdiction name as entry element Juvenile Collection (Library of Congress)
Institution to which field applies DLC
906 ## - LOCAL DATA ELEMENT F, LDF (RLIN)
a 7
b cbc
c orignew
d 1
e ocip
f 19
g y-gencatlg
942 ## - ADDED ENTRY ELEMENTS (KOHA)
Source of classification or shelving scheme Dewey Decimal Classification
Koha item type Books
Suppress in OPAC No
Holdings
Withdrawn status Lost status Source of classification or shelving scheme Damaged status Not for loan Collection Home library Current library Shelving location Date acquired Total Checkouts Full call number Barcode Date last seen Copy number Price effective from Koha item type
    Dewey Decimal Classification     Non-Fiction Footprints International School Library Network Toul Kork Campus Footprints International School Library Network Toul Kork Campus A TK Campus, 4th Floor, Room B401, Non-Fiction Bookcases(7-8) 03/01/2023   FRI 941.073092 DA506.A2 FISTK05437 03/01/2023 1 03/01/2023 Books
    Dewey Decimal Classification     Non-Fiction Footprints International School Library Network Toul Kork Campus Footprints International School Library Network Toul Kork Campus TTP Secondary Non-Fiction Bookshelves 03/01/2023   FRI 941.073092 DA506.A2 FISSE00756 12/17/2024 2 03/01/2023 Books